Chelsea FC XIs from 2000-01 to 2018-19 Quiz Stats

 Plays Quiz not verified by Sporcle

Score 0/228 Timer 20:00
14 Plays Today
% Correct
John Terry
98.1%
John Terry
98.1%
John Terry
98.1%
John Terry
98.1%
John Terry
98.1%
John Terry
98.1%
John Terry
98.1%
John Terry
98.1%
John Terry
98.1%
John Terry
98.1%
John Terry
98.1%
John Terry
98.1%
John Terry
98%
Petr Cech
97.9%
Petr Cech
97.9%
Petr Cech
97.9%
Petr Cech
97.9%
Petr Cech
97.9%
Petr Cech
97.9%
Petr Cech
97.9%
Petr Cech
97.9%
Petr Cech
97.9%
Petr Cech
97.9%
Frank Lampard
96.6%
Frank Lampard
96.6%
Frank Lampard
96.6%
Frank Lampard
96.6%
Frank Lampard
96.6%
Frank Lampard
96.6%
Frank Lampard
96.6%
Frank Lampard
96.6%
Frank Lampard
96.6%
Frank Lampard
96.6%
Frank Lampard
96.6%
Frank Lampard
96.6%
Frank Lampard
96.6%
Didier Drogba
96.4%
Didier Drogba
96.4%
Didier Drogba
96.4%
Didier Drogba
96.4%
Didier Drogba
96.4%
Didier Drogba
96.4%
Didier Drogba
96.4%
Didier Drogba
96.4%
Eden Hazard
95.8%
Eden Hazard
95.8%
Eden Hazard
95.8%
Eden Hazard
95.8%
Eden Hazard
95.8%
Thibaut Courtois
95.5%
Thibaut Courtois
95.4%
Thibault Courtois
95.2%
Eden Hazard
95%
Ashley Cole
94.6%
Ashley Cole
94.6%
Ashley Cole
94.6%
Ashley Cole
94.6%
Ashley Cole
94.6%
Ashley Cole
94.6%
Ashley Cole
94.6%
Joe Cole
94.6%
Joe Cole
94.6%
Joe Cole
94.6%
Thibault Courtois
94.4%
Eden Hazard
94.1%
Gary Cahill
93.7%
Gary Cahill
93.7%
Gary Cahill
93.7%
José Mourinho
93.6%
José Mourinho
93.6%
José Mourinho
93.6%
José Mourinho
93.6%
José Mourinho
93.6%
Gary Cahill
93.5%
Diego Costa
93.3%
David Luiz
93%
% Correct
Diego Costa
92.9%
Diego Costa
92.8%
David Luiz
92%
Gary Cahill
92%
Kepa Arrizabalaga
91.8%
César Azpilicueta
91.2%
César Azpilicueta
91.2%
N'Golo Kanté
91.2%
Willian
90.9%
César Azpilicueta
90.9%
César Azpilicueta
90.9%
César Azpilicueta
90.7%
Willian
90.7%
Willian
90.5%
César Azpilicueta
90.5%
Antonio Conte
90.2%
N'Golo Kanté
90.2%
N'Golo Kanté
89.7%
David Luiz
89.4%
David Luiz
89.4%
Antonio Conte
88.7%
Alvaro Morata
88.1%
Marcos Alonso
87.8%
Francesc Fabregas
87.7%
Francesc Fabregas
87.6%
Marcos Alonso
87.1%
Pedro
86.9%
Maurizio Sarri
86.8%
Marcos Alonso
86.6%
Pedro
86.4%
Pedro
86.3%
Francesc Fabregas
86%
Branislav Ivanovic
85.9%
Branislav Ivanovic
85.9%
Branislav Ivanovic
85.9%
Branislav Ivanovic
85.9%
Branislav Ivanovic
85.9%
Branislav Ivanovic
85.9%
Fernando Torres
85.7%
Nemanja Matic
85.6%
Nemanja Matic
85.6%
Ricardo Carvalho
85.5%
Ricardo Carvalho
85.5%
Ricardo Carvalho
85.5%
Ricardo Carvalho
85.5%
Ricardo Carvalho
85.5%
Nemanja Matic
85.1%
Nemanja Matic
84.8%
Branislav Ivanovic
84.4%
Antonio Rüdiger
84.1%
Gianfranco Zola
83%
Gianfranco Zola
83%
Michael Essien
82.3%
Michael Essien
82.3%
Michael Essien
82.3%
Michael Essien
82.3%
Oscar
82.2%
Oscar
82.2%
Carlo Ancelotti
81.3%
Carlo Ancelotti
81.3%
Florent Malouda
81.1%
Florent Malouda
81.1%
Florent Malouda
81.1%
Florent Malouda
81.1%
Antonio Rüdiger
81%
Michael Ballack
81%
Michael Ballack
81%
Michael Ballack
81%
Victor Moses
80.8%
Claude Makélélé
80.2%
Claude Makélélé
80.2%
Claude Makélélé
80.2%
Claude Makélélé
80.2%
Nicolas Anelka
79.8%
Nicolas Anelka
79.8%
Nicolas Anelka
79.8%
% Correct
Victor Moses
78.9%
John Obi Mikel
78.8%
John Obi Mikel
78.8%
John Obi Mikel
78.8%
John Obi Mikel
78.8%
Carlo Cudicini
78.1%
Carlo Cudicini
78.1%
Carlo Cudicini
78.1%
Carlo Cudicini
77.8%
Paulo Ferreira
76.8%
Paulo Ferreira
76.8%
Arjen Robben
76.4%
Salomon Kalou
74.8%
Ramires
73.8%
Ramires
73.8%
Ramires
73.8%
Claudio Ranieri
73.7%
Claudio Ranieri
73.7%
Claudio Ranieri
73.7%
Claudio Ranieri
73.6%
Guus Hiddink
73.5%
Jimmy-Floyd Hasselbaink
73.4%
Jimmy-Floyd Hasselbaink
73.4%
Jimmy-Floyd Hasselbaink
73.4%
Juan Manuel Mata
73.3%
Juan Manuel Mata
73.3%
Jimmy-Floyd Hasselbaink
73.2%
Marcel Desailly
72.3%
Marcel Desailly
72.3%
Marcel Desailly
72.3%
Eidur Gudjohnsen
72.1%
Eidur Gudjohnsen
71.9%
Damien Duff
71.7%
William Gallas
71.5%
William Gallas
71.5%
Andriy Shevchenko
71.5%
William Gallas
71.4%
William Gallas
71.4%
William Gallas
71.4%
Andreas Christensen
71.4%
José Bosingwa
70.2%
José Bosingwa
70.2%
Mateo Kovacic
69.4%
André Villas-Boãs
68%
Avram Grant
67.1%
Rafael Benitez
64.7%
Alex
62.4%
Luiz Felipe Scolari
62.4%
Samuel Eto'o
61.8%
Wayne Bridge
59.6%
Dennis Wise
59.2%
Kurt Zouma
58.6%
Asier Del Horno
51.7%
Frank Lebœuf
51.7%
Raul Meireles
51.3%
Graeme Le Saux
48.8%
Graeme Le Saux
48.8%
Adrian Mutu
48.7%
Daniel Sturridge
48.4%
Gustavo Poyet
47.3%
Mario Melchiot
44.8%
Mario Melchiot
44.8%
Mario Melchiot
44.8%
Mario Melchiot
44.5%
Emmanuel Petit
44%
Emmanuel Petit
44%
Jesper Grønkjær
40.9%
Tiago
39.9%
Geremi Njitap
38.5%
Juliano Belletti
35.8%
Jorgino
31.5%
Mario Stanic
27.2%
Jody Morris
27%
Jody Morris
27%
Boudewijn Zenden
26.2%
Samuele Dalla Bona
21.4%

You're not logged in!

Compare scores with friends on all Sporcle quizzes.
OR
Log In

Show Comments

Extras

Top Quizzes Today


Score Distribution

Your Account Isn't Verified!

In order to create a playlist on Sporcle, you need to verify the email address you used during registration. Go to your Sporcle Settings to finish the process.

Report this User

Report this user for behavior that violates our Community Guidelines.

Details: